000 00794nam a2200253Ia 4500
003 OSt
005 20220928125011.0
006 a|||||r|||| 00| 0
007 ta
008 220927b |||||||| |||| 00| 0 eng d
020 _c1695
024 _a124395
037 _b050, 02/09/2014, Classic Book Service
_cTextual
040 _aSDCL
_cSDCL
_beng
041 _2eng
_aeng
082 _aX:77:(G:55)'P, Q3
100 _aEriksson Clas
_9467512
245 0 _aEconomic growth & the environment
_b An introduction to the theory
260 _aUK
_bOxford University Press
_c2013
300 _axvi;217p.
_ccm.
650 _aBusiness Economics
_9391653
942 _hX:77:(G:55)'P, Q3
_cTEXL
_2CC
999 _c780373
_d780373